| 000 | 00680nam a2200193Ia 4500 | ||
|---|---|---|---|
| 001 | Z_5780 | ||
| 008 | 220601s9999 xx 000 0 und d | ||
| 090 | _aTesis J 2111 | ||
| 100 |
_aJuárez Martínez, Antonio _962447 |
||
| 245 | _aCaracterización de la brecha tecnológica e la finalización de ganado bovino, en el oriente del estado de México / Antonio Juárez Martínez | ||
| 260 | _aChapingo, Méx. : El autor | ||
| 300 | _a40 h. | ||
| 502 | _aTesis (Ing. Agr. Esp. en Zootecnia) -- UACH. Departamento de ZootecniaÌ | ||
| 901 | _aTESIS J 2111 | ||
| 902 | _aM | ||
| 905 | _a0000002009 0000000000 00 | ||
| 942 | _c2 | ||
| 999 |
_c217009 _d217009 |
||